La Justicia Penal juvenil en Espaą Legislacin̤ y Jurisprudencia

Detalles Bibliográficos
Autor principal: Montero Hernanz, Toms̀
Formato: eBook
Lenguaje:español
Publicado: Alicante : Editorial Club Universitario, 2006
Materias:
Acceso en línea:http://www.vlex.com/source/7377

MARC

LEADER 00000nam a22000007a 4500
005 20130228183328.0
007 cr|||| ||||
008 130228e2006 sp |||||s|||| 00||0 spa d
020 |a 978-84-8454-560-6 
035 |a 7377 
040 |a vLex 
090 |c 3795  |d 3795 
100 1 0 |a Montero Hernanz, Toms̀  
245 1 3 |a La Justicia Penal juvenil en Espaą  |b Legislacin̤ y Jurisprudencia  |h [Recurso electrn̤ico]  |c / Toms̀ Montero Hernanz  
256 |a Servicio en ln̕ea 
260 |a Alicante :  |b Editorial Club Universitario,   |c 2006 
300 |a 1 Recurso electrn̤ico 
650 0 4 |a Menores  |z Espaą 
650 0 4 |a Menores de edad penal  |z Espaą 
650 0 4 |a Menores de edad  |z Espaą 
740 |a vLex Libros (Servicio en ln̕ea) 
856 |a Acceso restringido  |u http://www.vlex.com/source/7377 
942 |c BOOK